Southville International School and Colleges
Your cart is empty.
  • Cart
  • Lists
    Public lists Eva Luna New books Lux_list list_1
    Your lists Log in to create your own lists
  • Log in to your account
  • Your cookies
  • Search history
Southville International School and Colleges
  • Advanced search
  • Recent comments
  • Most popular
  • Libraries

Log in to your account

Log in with GOOGLE


If you do not have an external account, but do have a local account, you can still log in:

  1. Home
  2. MARC view: Essential midwifery practice :
Normal view MARC view ISBD view

Essential midwifery practice : (Record no. 13409)

[ view plain ]
MARC details
000 -LEADER
fixed length control field 00886cam a22002654a 4500
003 - CONTROL NUMBER IDENTIFIER
control field OSt
005 - DATE AND TIME OF LATEST TRANSACTION
control field 20140310182434.0
008 - FIXED-LENGTH DATA ELEMENTS--GENERAL INFORMATION
fixed length control field 090612s2010 enk b 001 0 eng
020 ## - INTERNATIONAL STANDARD BOOK NUMBER
International Standard Book Number 9781405176989 (pbk. : alk. paper)
020 ## - INTERNATIONAL STANDARD BOOK NUMBER
International Standard Book Number 1405176989 (pbk. : alk. paper)
050 04 - LIBRARY OF CONGRESS CALL NUMBER
Classification number RG 950
Item number .Es87 2010
245 00 - TITLE STATEMENT
Title Essential midwifery practice :
Remainder of title intrapartum care /
Statement of responsibility, etc edited by Denis Walsh, Soo Downe.
246 30 - VARYING FORM OF TITLE
Title proper/short title Intrapartum care
260 ## - PUBLICATION, DISTRIBUTION, ETC. (IMPRINT)
Place of publication, distribution, etc Chichester, West Sussex, U.K. ;
-- Ames, Iowa :
Name of publisher, distributor, etc Wiley-Blackwell,
Date of publication, distribution, etc 2010.
300 ## - PHYSICAL DESCRIPTION
Extent xiii, 306 p. ;
Dimensions 25 cm.
490 0# - SERIES STATEMENT
Series statement Essential midwifery practice
650 #0 - SUBJECT ADDED ENTRY--TOPICAL TERM
Topical term or geographic name as entry element Midwifery.
9 (RLIN) 7594
650 12 - SUBJECT ADDED ENTRY--TOPICAL TERM
Topical term or geographic name as entry element Delivery, Obstetric
General subdivision methods.
9 (RLIN) 8310
650 22 - SUBJECT ADDED ENTRY--TOPICAL TERM
Topical term or geographic name as entry element Labor, Obstetric.
9 (RLIN) 8112
650 22 - SUBJECT ADDED ENTRY--TOPICAL TERM
Topical term or geographic name as entry element Midwifery
General subdivision methods.
9 (RLIN) 8311
700 1# - ADDED ENTRY--PERSONAL NAME
Personal name Walsh, Denis,
Dates associated with a name 1955-
9 (RLIN) 8312
700 1# - ADDED ENTRY--PERSONAL NAME
Personal name Downe, Soo.
9 (RLIN) 8313
942 ## - ADDED ENTRY ELEMENTS (KOHA)
Source of classification or shelving scheme Library of Congress Classification
Koha item type
Holdings
Withdrawn status Lost status Source of classification or shelving scheme Damaged status Home library Current library Shelving location Date acquired Total Checkouts Full call number Barcode Date last seen Copy number Price effective from Koha item type
    Library of Congress Classification   South SEED-LPDH College Library South SEED-LPDH College Library South SEED-LPDH College Section 08/06/2013   RG 950 .Es87 2010 SSLC0333 05/15/2018 1 11/06/2013 Books

Essential midwifery practice :

APA

Walsh D., Downe S., . (2010). Essential midwifery practice. Chichester, West Sussex, U.K: Wiley-Blackwell.

Chicago

Walsh Denis, Downe Soo, . 2010. Essential midwifery practice. Chichester, West Sussex, U.K: Wiley-Blackwell.

Harvard

Walsh D., Downe S., . (2010). Essential midwifery practice. Chichester, West Sussex, U.K: Wiley-Blackwell.

MLA

Walsh Denis, Downe Soo, . Essential midwifery practice. Chichester, West Sussex, U.K: Wiley-Blackwell. 2010.

  • Place hold
  • Print
  • Cite
  • Add to your cart (remove)
  • Save record
    BIBTEX Dublin Core MARCXML MARC (non-Unicode/MARC-8) MARC (Unicode/UTF-8) MARC (Unicode/UTF-8, Standard) MODS (XML) RIS
  • More searches
    Search for this title in:
    Other Libraries (WorldCat) Other Databases (Google Scholar) Online Stores (Bookfinder.com) Open Library (openlibrary.org)

Exporting to Dublin Core...

SOUTHVILLE LIBRARY

Southville International School and Colleges Library

1281 Tropical Ave. Cor. Luxembourg St., BF Homes International, Las Pinas City

Tel. No. 8256374 / 252358 Loc. 117/146

Powered by Koha